000 00676nam a2200265Ia 4500
005 20260121165622.0
008 008 260114s9999 xx 000 0 eng d
020 _a9783319460734
037 _aEBOOK
040 _aCRL
040 _beng
040 _cCRL
041 _2eng
041 _aeng
084 _qCRL
100 _aGerhard Friedrich, Malte Helmert, Franz Wotawa
_91053972
245 0 _aKI 2016: Advances in Artificial Intelligence
260 _bSpringer
260 _bSpringer
260 _c2016
856 _uhttps://link.springer.com/openurl?genre=book&isbn=978-3-319-46073-4
942 _cEBOOK
999 _c1619698
_d1619698